00916nam a2200229 a 450000100100000000500170001000800410002702000150006804000250008308200200010810000350012824500790016326000440024230000250028665000360031165000370034791000390038404900090042395201180043295201190055099900170066900003382620200930070542.0110913s2005 pr 000 j spa d z9993432051 aDO-SdBNPbspacBNPHU aPR863.44bV446L1 aVélez-Mitchell, Anita95924510aLoco de amor :bcuentos que me contó mi madre /cAnita Vélez-Mitchell. aPuerto Rico :bGalos Publishing,c2005. a46, [4] p. ;c18 cm. 4aCuentos puertoriqueños937322 4aLiteratura puertoriqueña96540 aValidado. Control de calidad BNPHU aBNPD 001050718MOaGRbGRcHDd2011-09-13iLF1l0oPR863.44 V446Lp33826-10r2020-06-25w2020-06-25y1ZNo se presta 0010507-18MOaGRbGRcOId2011-09-13iLF1l0oPR863.44 V446Lp33827-10r2020-06-25w2020-06-25y1ZNo se presta c33317d33317